Bilecik Bilecik Bilecik Bilecik Bilecik

Anadolu selçuklu mimari süslemesi ve el sanatları= architectural decoration and minor arts in seljuk anatolia/ (Record no. 74003)

MARC details
000 -BAŞLIK
Sabit Uzunluktaki Kontrol Alanı 01156nam a22003617a 4500
001 - KONTROL NUMARASI
Control Dosyası 0073248
003 - KONTROL NUMARASI KİMLİĞİ
Kontrol Alanı KOHA_MİRAKIL
005 - EN SON İŞLEM TARİHİ ve ZAMANI
Kontrol Alanı 20260207005130.0
007 - FİZİKSEL TANIM SABİT ALAN - GENEL BİLGİ
Sabit uzunluklu kontrol alanı ta
008 - SABİT UZUNLUKTAKİ VERİ ÖGELERİ - GENEL BİLGİ
Sabit Alan 250226b1988 tu |||gr||||#0|||0|tur |
020 ## - ISBN - ULUSLARARASI STANDART KİTAP NUMARASI
Isbn 97545801308
040 ## - KATALOGLAMA KAYNAĞI
Özgün Kataloglama Kurumu TR-BiSEU
Kataloglama Dili tur
Çeviri Kurumu TR-BiSEU
Açıklama Kuralları rda
041 0# - DİL KODU
Metin ya da ses kaydının dil kodu tur
044 ## - YAYINLAYAN/ÜRETEN KURULUŞUN ÜLKE KODU
ISO country code tu
050 ## - SINIFLAMA ve YER NUMARASI
Sınıflama Numarası NA3565
Yer Numarası .O54 1988
100 1# - KİŞİ ADI
Yazar Adı (Kişi adı) Öney, Gönül.
245 1# - ESER ADI BİLDİRİMİ
Başlık Anadolu selçuklu mimari süslemesi ve el sanatları= architectural decoration and minor arts in seljuk anatolia/
Sorumluluk Bildirimi Gönül Öney ; Gönül Öney.
250 ## - BASIM BİLDİRİMİ
Basım Bildirimi 2. Baskı
264 #1 - ÜRERİM, YAYIN, DAĞITIM ve TELİF BİLDİRİMİ
Yayın yeri Ankara :
Yayınlayan Türkiye İş Bankası
Yayın tarihi 1988
300 ## - FİZİKSEL TANIMLAMA
Sayfa, Cilt vb. 235 sayfa: resimli; 27 cm.
336 ## - İÇERİK TÜRÜ
Content type term metin
Content type code txt
Source rdacontent
337 ## - MEDYA TÜRÜ
Media type term aracısız
Media type code n
Source rdamedia
338 ## - TAŞIYICI TÜRÜ
Carrier type term cilt
Carrier type code nc
Source rdacarrier
490 1# - DİZİ BİLDİRİMİ
Dizi Bildirimi Genel yayın no ;
Cilt Numarası 185.
490 1# - DİZİ BİLDİRİMİ
Dizi Bildirimi Sanat dizisi ;
Cilt Numarası 33
500 ## - GENEL NOT
Genel Not Kaynakça ve diizin var.
650 #0 - KONU BAŞLIĞI EK GİRİŞ - KONU TERİMİ
Konusal terim veya coğrafi ad Sanat--Mimari Süsleme--Selçuklu.
9 (RLIN) 147209
650 #0 - KONU BAŞLIĞI EK GİRİŞ - KONU TERİMİ
Konusal terim veya coğrafi ad Art--Architectural Ornament--Seljuk.
9 (RLIN) 147210
830 1# - SERİ EK GİRİŞİ - TEKBİÇİM ESER ADI
Tekbiçim Başlık Genel yayın no ;
Volume number/sequential designation 185.
9 (RLIN) 9047
830 1# - SERİ EK GİRİŞİ - TEKBİÇİM ESER ADI
Tekbiçim Başlık Sanat dizisi ;
Volume number/sequential designation 33
9 (RLIN) 10893
907 ## - LOCAL DATA ELEMENT G, LDG (RLIN)
a Sanat
942 ## - EK GİRİŞ ÖGELERİ (KOHA)
Source of classification or shelving scheme Library of Congress Classification
Koha item type Book
Holdings
Materyal Türü Kalıcı Konum Mevcut Konum Raf Yeri Sınıflandırma Kaynağı Edinim Bilgisi Ana Konular Alt Konular Yer Numarası Demirbaş Numarası Fatura Tarihi Geri Çekilme Durumu Kayıp Durumu Hasarlı Durumu Kredi için değil Kayıt Tarih Toplam Ödünçverme Son Görülme Tarihi Son Kontrol Tarihi Genel / Bağış Notu
Book Prof. Dr. Azmi Özcan Kütüphanesi Prof. Dr. Azmi Özcan Kütüphanesi Uluğbey Salonu Library of Congress Classification Bağış GÜZEL SANATLAR Mimarlık NA3565 .O54 1988 0073248 02/02/2026         26/02/2025   15/04/2025 15/04/2025 Christopher FERRARD, Akademisyen